000 01211nam a22003497a 4500
001 000016312
003 CHAP
005 20220329134107.0
008 971013s1966 r 00010 d
010 _a15273
011 _a16245
035 _a20324
040 _cCHAP
082 0 4 _a631.585
_bH4 1966
100 0 0 _aHewitt, E. J.
_955098
245 1 0 _aSand and water culture methods used in the study of plant nutrition.
250 _a2 ed.
260 _aBucks, England :
_bCommonwealth Agricultural Bureaux,
_c1966.
300 _a547 p. :
_b: ilus. ; láms.
490 1 _aCommonwealth Bureau of Horticulture and Planation Crops. Technical Communication
_v; 22
500 _aPerdido original se repuso con una fotocopia
590 _aBATCH-UPD
_b10
_c20130110
_lUCH01
_h0915
590 _aBATCH-UPD
_b10
_c20130914
_lUCH01
_h1018
590 _aCONVERSION
_b10
_c20130109
_lUCH01
_h1310
590 _aE5995AHE
_b05
_c20150520
_lUCH01
_h1002
650 1 4 _aHidroponía.
_955280
830 0 _aCommonwealth Bureau of Horticulture and Planation Crops. Technical Communication
_v; 22
_925975
901 _aBK
942 _cLIBRO
942 _n0
949 _a631.585 H4 1966
_bBC
_cESP
_d-47373
_eESP
_h12728
_i20324
_si
999 _c15273
_d15273